<?xml version="1.0" encoding="UTF-8"?>
<marc:record xmlns:marc="http://www.loc.gov/MARC21/slim">
   <marc:leader>00000nam a2200000 a 4500</marc:leader>
   <marc:datafield ind1=" " ind2=" " tag="653">
      <marc:subfield code="a">TV-Serie</marc:subfield>
   </marc:datafield>
   <marc:datafield ind1="0" ind2="0" tag="245">
      <marc:subfield code="a">Tatort Team Wien 4</marc:subfield>
   </marc:datafield>
   <marc:datafield ind1="0" ind2="0" tag="245">
      <marc:subfield code="b">4. Staffel</marc:subfield>
   </marc:datafield>
   <marc:datafield ind1=" " ind2="1" tag="264">
      <marc:subfield code="a">München</marc:subfield>
      <marc:subfield code="b">Alive AG</marc:subfield>
      <marc:subfield code="c">2022</marc:subfield>
   </marc:datafield>
   <marc:datafield ind1="1" ind2=" " tag="490">
      <marc:subfield code="a">Tatort Team Wien</marc:subfield>
      <marc:subfield code="v">4</marc:subfield>
   </marc:datafield>
   <marc:datafield ind1="1" ind2=" " tag="520">
      <marc:subfield code="a">Das österreichische Tatort-Team aus Wien: die Kommissare Eisner und Fellner mit Harald Krassnitzer als Chefinspektor Moritz Eisner und Adele Neuhauser als seine Assistentin Bibi Fellner gehen in Staffel 4 in 13 weiteren, spannenden Tatorten auf Verbrechersuche. Moritz Eisner hat den Dienstrang eines Chefinspektors und wird auch vom Innenministerium als Sonderermittler eingesetzt. Er ist ein Eigenbrötler und folgt oft seiner Intuition, die nicht unerheblich für seinen Erfolg im Beruf ist. Major Bibi Fellner hat viele Jahre bei der Sittenpolizei gearbeitet, bevor sie Eisner an die Seite gestellt wird. Anfangs hat sie mit ihrer Alkoholabhängigkeit zu kämpfen, was zu ernsthaften Problemen zwischen ihr und Eisner führt, der sie zuerst nicht als Mitarbeiterin haben will. Es dauert nicht lange und die beiden ergänzen sich hervorragend als neues Tatort-Dreamteam.</marc:subfield>
   </marc:datafield>
   <marc:datafield ind1=" " ind2=" " tag="041">
      <marc:subfield code="a">ger</marc:subfield>
   </marc:datafield>
   <marc:datafield ind1="1" ind2=" " tag="521">
      <marc:subfield code="a">FSK ab 12 freigegeben</marc:subfield>
   </marc:datafield>
   <marc:datafield ind1="1" ind2=" " tag="521">
      <marc:subfield code="a">12</marc:subfield>
   </marc:datafield>
   <marc:datafield ind1=" " ind2=" " tag="338">
      <marc:subfield code="a">DVD-Video</marc:subfield>
   </marc:datafield>
   <marc:datafield ind1=" " ind2=" " tag="300">
      <marc:subfield code="a">7 DVDs</marc:subfield>
   </marc:datafield>
</marc:record>
